Géographie: Auvergne Rhône-Alpes - Statistiques

Statistiques générales
  • Ce quiz a été pris 171 fois
  • Le résultat moyen est 22 sur 29
Statistiques - réponses
Questions Réponses % Correct
Quelles sont les 5 plus grandes villes de la région ? Lyon
99%
Grenoble
94%
Clermont-Ferrand
91%
Saint-Étienne
91%
Quelles chaînes de montagnes traversent la région ? Alpes
90%
Quelle entreprise, instalée à Clermont-Ferrand, est le leader mondial des pneus ? Michelin
90%
Rhône
90%
Haute-Savoie
89%
Quel est le point culminant du pays ? Mont Blanc
89%
Puy de Dôme
89%
Savoie
89%
Isère
88%
Loire
88%
Drome
83%
Quels départements constituent l'AURA ? Ain
81%
Haute-Loire
81%
Ardèche
79%
Cantal
77%
Allier
76%
Massif Central
74%
Villeurbanne
74%
Jura
73%
Combien de Parcs Naturels Régionaux sont présents dans la région ? 10
65%
Quel Parc d'activités, à l'initiative de Valéry Giscard-d'Estaing, est située au coeur des volcans d'Auvergne ? Vulcania
63%
Quel vignoble se situe au Nord de la région ? Beaujolais
53%
Quelle ville, située dans le Puy-de-Dôme est réputée pour ses couteaux ? Thiers
50%
Quel montagne est connue pour héberger la source de Loire ? Mont Gerbier de Jonc
29%
Quel type de culture est produite dans la Drôme ? Maraîchère
10%
Quelle ville, située en Haute-Loire est connue pour être la terre des Justes? Le Chambon-sur-Lignon
9%
Aucun quiz correspondant
Distribution des résultats
% des personnes avec chaque résultat
Percentile par nombre de réponses
Votre historique - résultats
Vous n’avez pas pris ce quiz